[Event "Tromsø Bymesterskap 2012"]
[Site "Tromsø Sjakklubb"]
[Date "2012.01.19"]
[Round "1"]
[White "Røyset, Jon Kr."]
[Black "Pedersen, Øyvind"]
[Result "0-1"]
[WhiteElo "2143"]
[BlackElo "1912"]

1.Nf3 Nf6 2.g3 d6 3.d4 c5 4.d5 g6 5.Bg2 Bg7 6.O-O O-O 7.c4 b5 8.cxb5 a6 9.
b6 Qxb6 10.Nc3 Nbd7 11.h3 a5 12.Rb1 Ba6 13.Re1 Rfb8 14.b3 Ne8 15.Na4 Qd8
16.Bb2 Ndf6 17.e4 Nc7 18.Qd2 Bb5 19.Nc3 a4 20.e5 Nd7 21.Nxb5 Rxb5 22.Bf1
Rbb8 23.Bc4 Nb6 24.Rbd1 axb3 25.axb3 Ra2 26.Rb1 Qc8 27.Bf1 Ncxd5 28.e6
fxe6 29.Ng5 c4 30.bxc4 Nxc4 31.Bxc4 Qxc4 32.Ba1 Rxb1 33.Rxb1 Rxd2 34.Rb8+
Bf8 35.Nxe6 Rd1+ 36.Kh2 Rh1+ 37.Kxh1 Qf1+ 38.Kh2 Qxf2+ 39.Kh1 Qe1+
0-1

[Event "Tromsø Bymesterskap 2012"]
[Site "Tromsø Sjakklubb"]
[Date "2012.01.19"]
[Round "1"]
[White "Skagseth, Håvard M"]
[Black "Lorentsen, Geir-Magne"]
[Result "1/2-1/2"]
[WhiteElo "1627"]
[BlackElo "1571"]

1.e4 e6 2.d4 d5 3.Nc3 Nf6 4.Bg5 Be7 5.e5 Nfd7 6.Bxe7 Qxe7 7.Bd3 a6 8.Qg4
f5 9.exf6 Nxf6 10.Qe2 c5 11.dxc5 Nc6 12.f4 O-O 13.Nf3 Qxc5 14.Ne5 Qb4 15.
O-O Qxb2 16.Nxc6 bxc6 17.Qe5 Qb8 18.Rab1 Qxe5 19.fxe5 Nd7 20.Na4 Rxf1+ 21.
Rxf1 Nxe5 22.Nb6 Rb8 23.Nxc8 Rxc8 24.Bxa6 Ra8 25.Bb7 Rxa2 26.Re1 Ng4 27.
Bxc6 Rxc2 28.Bd7 Nf6 29.Bxe6+ Kf8 30.Rd1 Rc5 31.Kf2 g6 32.Re1 Ne4+ 33.Ke3
Nf6 34.Kd4 Rc2 35.Ke5 Kg7 36.Bxd5 Nxd5 37.Kxd5 Rxg2 38.Rh1 Kf6 39.Ke4 Rf2
40.Ke3 Rf5 41.Rg1 g5 42.h4 h6 43.hxg5+ hxg5 44.Rg3 Kg6 45.Rf3 Ra5 46.Kf2
g4 47.Rb3 Kg5
1/2-1/2

[Event "Tromsø Bymesterskap 2012"]
[Site "Tromsø Sjakklubb"]
[Date "2012.01.19"]
[Round "1"]
[White "Jacobsen, Hans-Henry"]
[Black "Machlik, Endre"]
[Result "1-0"]
[WhiteElo "1245"]
[BlackElo "1368"]

1.c4 e5 2.Nc3 Nc6 3.g3 Bc5 4.Bg2 f5 5.Na4 Bb6 6.c5 Ba5 7.a3 b5 8.b4 bxa4
9.Qxa4 Qf6 10.Bb2 Rb8 11.Bc3 Ba6 12.Bxc6 dxc6 13.Qxa5 Bb5 14.d3 Qe6 15.a4
Qd5 16.Qxc7 Rd8 17.Qxe5+ Ne7 18.Qxd5 Nxd5 19.Bxg7 Rg8 20.Bh6 Ba6 21.Nf3
Nxb4 22.O-O Nd5 23.Bd2 Kd7 24.Ne5+ Kc8 25.Nxc6 Rd7 26.Ba5 Re8 27.Rfe1 f4
28.Nd4 Rde7 29.Nb5 Bxb5 30.axb5 Rxe2 31.Rxe2 Rxe2 32.Kg2 Rc2 33.d4 Rb2 34.
b6 axb6 35.cxb6 fxg3 36.hxg3 Nxb6 37.Bxb6 Rxb6 38.Rd1 Kd7 39.f4 Kd6 40.Kf3
Kd5 41.Rd3 Rg6 42.f5 Rf6 43.Kf4 h6 44.g4 Rf8 45.Rd1 Rg8 46.Rh1 Rh8 47.Ke3
Re8+ 48.Kf3 Rh8 49.g5 Kxd4 50.Rxh6 Rg8 51.Kf4 Kd5 52.g6 Kd6 53.Kg5 Ke7 54.
f6+ Kf8 55.Rh7 Ke8 56.f7+
1-0

[Event "Tromsø Bymesterskap 2012"]
[Site "Tromsø Sjakklubb"]
[Date "2012.01.19"]
[Round "1"]
[White "Remman, Stein Børre"]
[Black "Lorem, Helene"]
[Result "0-1"]
[WhiteElo "1084"]
[BlackElo "824"]

1.e4 e6 2.d4 d5 3.e5 Ne7 4.Nf3 g6 5.Bd3 Bg7 6.O-O O-O 7.Bd2 Nbc6 8.Qc1 b6
9.a3 a5 10.Bh6 Ba6 11.Bxg7 Kxg7 12.c4 dxc4 13.Bxc4 Nxd4 14.Bxa6 Rxa6 15.
Nxd4 Qxd4 16.Qxc7 Qxb2 17.Nc3 Qd2 18.Ne4 Qd8 19.Qc4 Qa8 20.Rab1 Rc8 21.Qe2
Nd5 22.Qf3 Nc3 23.Qf6+ Kg8 24.Ng5 Rf8 25.Rbe1 h6 26.Nf3 Qb7 27.Qh4 Kg7 28.
Qf6+ Kg8 29.h4 Nd5
0-1

[Event "Tromsø Bymesterskap 2012"]
[Site "Tromsø Sjakklubb"]
[Date "2012.01.19"]
[Round "1"]
[White "Remman, Frank"]
[Black "Romsdal, Trond"]
[Result "0-1"]
[WhiteElo "1821"]
[BlackElo "2081"]

1.d4 d5 2.c4 e6 3.Nc3 Nf6 4.e3 Be7 5.Qc2 O-O 6.Nf3 c5 7.Be2 b6 8.O-O Bb7
9.Rd1 Qc8 10.Bd2 cxd4 11.exd4 dxc4 12.Rac1 Rd8 13.Bf4 Nd5 14.Bg5 f6 15.Bh4
a6 16.b3 Ba3 17.bxc4 Nxc3 18.Qxc3 Bxc1 19.Qxc1 Nc6 20.Qb2 Qc7 21.Bg3 e5
22.dxe5 Nxe5 23.Nxe5 fxe5 24.Re1 Qc6 25.f3 e4 26.fxe4 Rd7 27.Qb3 Kh8 28.
Bf3 Re8 29.e5 Qe6 30.Bxb7 Rxb7 31.Rd1 Rd7 32.Rb1 Qg4 33.Rf1 h6 34.h3 Qe4
35.Kh2 Rd2 36.Rg1 Rd3 37.Qxb6 Rxg3 38.Kxg3 Qxe5+ 39.Kg4 Re6 40.Qd8+ Kh7
41.Qd3+ Rg6+ 42.Kf3 Qf6+ 43.Ke2 Kg8 44.Qc2 Qe5+ 45.Kd1 Rd6+ 46.Kc1 Qe3+
47.Kb2 Qxg1 48.c5 Qd4+
0-1

[Event "Tromsø Bymesterskap 2012"]
[Site "Tromsø Sjakklubb"]
[Date "2012.01.19"]
[Round "1"]
[White "Prohl, Frank"]
[Black "Jacobsen, Elise Sjøttem"]
[Result "1-0"]
[WhiteElo "1240"]
[BlackElo "1020"]

1.c4 Nf6 2.Nf3 g6 3.Nc3 Bg7 4.d4 O-O 5.g3 c5 6.d5 d6 7.Bg2 b6 8.O-O Ba6 9.
Qd3 Nbd7 10.b3 Ng4 11.Bb2 Nge5 12.Nxe5 Nxe5 13.Qc2 Bc8 14.f4 Ng4 15.Nd1
Bf5 16.e4 Bd7 17.Bxg7 Kxg7 18.Nb2 Kg8 19.Rae1 Nf6 20.Nd3 a5 21.a4 Qc8 22.
Qe2 Bh3 23.Nf2 Bxg2 24.Kxg2 Rd8 25.Qf3 Rb8 26.e5 Ne8 27.Ng4 Nc7 28.f5 Rf8
29.exd6 exd6 30.Re7 Re8 31.Nf6+ Kf8 32.Rxe8+ Nxe8 33.Nxh7+ Kg8 34.fxg6
fxg6 35.Qf7+ Kh8 36.Ng5 Ng7 37.Qxg6 Qg8 38.Nf7+ Qxf7 39.Rxf7 Ne8 40.Qh7#
1-0

[Event "Tromsø Bymesterskap 2012"]
[Site "Tromsø Sjakklubb"]
[Date "2012.01.19"]
[Round "1"]
[White "Pedersen, Audun"]
[Black "Joensen, John"]
[Result "1-0"]
[WhiteElo "1781"]
[BlackElo "1830"]

1.e4 e5 2.Nf3 Nc6 3.Bb5 a6 4.Ba4 Nf6 5.O-O Be7 6.Re1 b5 7.Bb3 d6 8.c3 O-O
9.h3 Na5 10.Bc2 c5 11.d4 Qc7 12.Nbd2 Re8 13.Nf1 cxd4 14.cxd4 Bb7 15.g4
Rac8 16.Bd3 Bf8 17.d5 Nd7 18.Ng3 Nc5 19.Bf1 Na4 20.b3 Nc3 21.Qd3 b4 22.Bd2
Qb6 23.Rec1 Qc5 24.Ne1 Qd4 25.Nc2 Qxd3 26.Bxd3 Nxa2 27.Rcb1 Nc3 28.Rb2
Nxb3 29.Rxb3 Nxd5 30.exd5 e4 31.Nxe4 Bxd5 32.Rxb4 Ba8 33.Rd4 d5 34.Ng3 Bc5
35.Rda4 Bb7 36.Nb4 Bd4 37.Rd1
1-0

[Event "Tromsø Bymesterskap 2012"]
[Site "Tromsø Sjakklubb"]
[Date "2012.01.19"]
[Round "1"]
[White "Jessen, Simon Pind"]
[Black "Jæger, Frode Bull"]
[Result "0-1"]
[WhiteElo "1874"]
[BlackElo "2056"]

1.d4 Nf6 2.c4 e6 3.Nc3 Bb4 4.Qc2 O-O 5.Nf3 c5 6.dxc5 Na6 7.Bf4 Nxc5 8.a3
Bxc3+ 9.Qxc3 Nce4 10.Qc2 d5 11.Ne5 dxc4 12.Nxc4 b5 13.Rd1 Nd5 14.Qxe4 bxc4
15.Qxc4 Qb6 16.Be5 f6 17.Bd4 Qa5+ 18.b4 Qxa3 19.Bc5 Ba6 20.b5 Qa5+ 21.Rd2
Qa1+ 22.Rd1 Qa5+ 23.Rd2 Rfd8 24.e4 Nc3 25.Qxe6+ Kh8 26.Qxa6 Rxd2 27.Kxd2
Nxe4+ 28.Ke3 Qc3+ 29.Kxe4 Re8+ 30.Kf5 Qe5+ 31.Kg4 h5+ 32.Kf3 Qe4+ 33.Kg3
Qg4#
0-1

[Event "Tromsø Bymesterskap 2012"]
[Site "Tromsø Sjakklubb"]
[Date "2012.01.19"]
[Round "1"]
[White "Lorem, Geir F"]
[Black "Steinnes, Simon"]
[Result "1-0"]
[WhiteElo "1288"]
[BlackElo "981"]

1.d4 Nf6 2.c4 g6 3.Nc3 Bg7 4.Nf3 O-O 5.e4 d6 6.Be2 c5 7.O-O Bd7 8.d5 Na6
9.Bg5 Qa5 10.Qd2 Nc7 11.e5 dxe5 12.Nxe5 Bf5 13.Bh6 a6 14.Bxg7 Kxg7 15.Rfd1
b5 16.Nc6 Qb6 17.Nxe7 Bd7 18.Bf3 Rad8 19.b3 Qa5 20.Qb2 Nce8 21.d6 Bg4 22.
Bxg4 Nxg4 23.Nc6 Qb6 24.Nd5+
1-0

[Event "Tromsø Bymesterskap 2012"]
[Site "Tromsø Sjakklubb"]
[Date "2012.01.19"]
[Round "1"]
[White "Bjørn, Lasse E"]
[Black "Roksvold, Jan"]
[Result "1/2-1/2"]
[WhiteElo "1501"]
[BlackElo "1650"]

1.e4 c6 2.d4 d5 3.Nc3 dxe4 4.Nxe4 Bf5 5.Ng3 Bg6 6.Nf3 Nd7 7.Be2 Ngf6 8.O-O
Qc7 9.b3 e6 10.Bb2 Bd6 11.c4 O-O 12.Bd3 Rad8 13.Re1 Nh5 14.Bxg6 hxg6 15.
Nxh5 gxh5 16.Qc2 Bf4 17.g3 Bh6 18.Rad1 Nf6 19.Nd2 h4 20.Ne4 Nh7 21.Qe2 Ng5
22.Qh5 Qa5 23.Nxg5 Qxg5 24.Re5 Qxh5 25.Rxh5 hxg3 26.hxg3 Kh7 27.Kg2 Kg6
28.Ra5 a6 29.f4 Rd7 30.Kf3 f5 31.Re1 Kf7 32.Rae5 Re8 33.Rh1 Rh8 34.Rhe1
Re8 35.Rh1 Rh8 36.Rhe1
1/2-1/2

[Event "Tromsø Bymesterskap 2012"]
[Site "Tromsø Sjakklubb"]
[Date "2012.01.19"]
[Round "1"]
[White "Lorem, Einar"]
[Black "Jernberg, Karl P"]
[Result "0-1"]
[WhiteElo "558"]
[BlackElo "829"]

1.d4 d5 2.c4 e6 3.Nc3 Nf6 4.Bg5 Be7 5.Qc2 Nbd7 6.Qd3 c5 7.dxc5 Bxc5 8.Qg3
dxc4 9.e4 Bb4 10.Bxc4 Bxc3+ 11.bxc3 e5 12.Bb5 O-O 13.Rd1 Qb6 14.Bh6 Nh5
15.Qg5 Qxh6 16.Qg4 Ndf6 17.Nf3 Bxg4
0-1

[Event "Tromsø Bymesterskap 2012"]
[Site "Tromsø Sjakklubb"]
[Date "2012.01.19"]
[Round "1"]
[White "Schmidt, Jonny"]
[Black "Berglund, Jan S."]
[Result "0-1"]
[WhiteElo "1753"]
[BlackElo "1968"]

1.e4 e6 2.d4 d5 3.e5 c5 4.c3 Nc6 5.Nf3 Nh6 6.Bxh6 gxh6 7.Bd3 Qb6 8.Qd2 Bd7
9.dxc5 Bxc5 10.O-O O-O-O 11.b4 Bf8 12.a4 Bg7 13.Re1 f6 14.a5 Qc7 15.exf6
Bxf6 16.Qxh6 Rdf8 17.Na3 e5 18.Bb5 a6 19.Bxc6 bxc6 20.Qe3 Re8 21.Rad1 Rhg8
22.Qd3 Qb7 23.Qxh7 e4 24.Nd4 Rh8 25.Qg6 Be5 26.g3 Reg8 27.Nxc6 Rxg6 28.
Ne7+ Kb8 29.Nxg6 Re8 30.Nxe5 Rxe5 31.Rd4 Bh3 32.f4 Rf5 33.Kf2 Qc7 34.Rc1
Rxf4+ 35.Kg1 Qxc3 36.Rxc3 Rf1#
0-1

[Event "Tromsø Bymesterskap 2012"]
[Site "Tromsø Sjakklubb"]
[Date "2012.01.19"]
[Round "2"]
[White "Romsdal, Trond"]
[Black "Jæger, Frode Bull"]
[Result "0-1"]
[WhiteElo "2081"]
[BlackElo "2056"]
[PlyCount "60"]
[EventDate "2012.??.??"]

1. c4 Nf6 2. Nc3 g6 3. g3 Bg7 4. Bg2 O-O 5. e4 c5 6. Nge2 Nc6 7. O-O d6 8. h3
Ne8 9. f4 Nc7 10. d3 Bd7 11. g4 Rb8 12. Be3 b5 13. Qd2 bxc4 14. dxc4 Ne6 15. f5
Ned4 16. Ng3 Be5 17. Qf2 Nb4 18. Rad1 Ndc2 19. Bh6 Bd4 20. Rxd4 cxd4 21. fxg6
hxg6 22. Nd1 Ne3 23. Nxe3 dxe3 24. Qxe3 Nc2 25. Qd2 Rxb2 26. Kh2 Qb6 27. Bxf8
Ne3 28. Qc3 Rxg2+ 29. Kh1 Qb2 30. Qg7+ Qxg7
0-1

[Event "Tromsø Bymesterskap 2012"]
[Site "Tromsø Sjakklubb"]
[Date "2012.01.19"]
[Round "2"]
[White "Berglund, Jan S."]
[Black "Grundekjøn, Christian"]
[Result "1-0"]
[WhiteElo "1968"]
[BlackElo "1812"]
[PlyCount "89"]
[EventDate "2012.??.??"]

1. Nf3 d5 2. g3 Bf5 3. Bg2 Nf6 4. O-O e6 5. d3 Bd6 6. Nh4 c6 7. Nxf5 exf5 8. e3
Nbd7 9. b3 Be5 10. c3 h5 11. Qc2 h4 12. d4 Bd6 13. Qxf5 Rh5 14. Qf3 hxg3 15.
fxg3 g5 16. Nd2 g4 17. Qe2 Qc7 18. e4 Bxg3 19. hxg3 Qxg3 20. Rf5 Qh2+ 21. Kf1
Rxf5+ 22. exf5+ Kf8 23. Ba3+ c5 24. dxc5 Re8 25. c6+ Kg7 26. Qxe8 Qf4+ 27. Ke1
Nxe8 28. cxd7 Qb8 29. dxe8=Q Qxe8+ 30. Kf2 Qe5 31. Nf1 Qxf5+ 32. Kg1 Qd3 33.
Bd6 Qxc3 34. Rd1 b6 35. Rxd5 f6 36. Bf4 a5 37. Rd7+ Kf8 38. Rb7 Qb2 39. Bh6+
Ke8 40. Bc6+ Kd8 41. Be3 Qc3 42. Bxb6+ Kc8 43. Bg2 Qe5 44. Rc7+ Kb8 45. Rd7
1-0

[Event "Tromsø Bymesterskap 2012"]
[Site "Tromsø Sjakklubb"]
[Date "2012.01.19"]
[Round "2"]
[White "Pedersen, Øyvind"]
[Black "Pedersen, Audun"]
[Result "1-0"]
[WhiteElo "1912"]
[BlackElo "1781"]
[PlyCount "53"]
[EventDate "2012.??.??"]

1. e4 e6 2. d4 d5 3. Nc3 Nf6 4. e5 Nfd7 5. Nce2 f6 6. f4 fxe5 7. fxe5 c5 8. c3
cxd4 9. cxd4 Qh4+ 10. Ng3 Bb4+ 11. Kf2 O-O+ 12. Nf3 Nc6 13. Be3 Ndxe5 14. dxe5
d4 15. Kg1 dxe3 16. Nxh4 e2 17. Qc2 Nd4 18. Qc4 Rf4 19. Qc7 b6 20. h3 Ba6 21.
Bxe2 Nxe2+ 22. Nxe2 Bxe2 23. Nf3 Raf8 24. Kh2 Bxf3 25. gxf3 Rxf3 26. Rhg1 R3f7
27. Qc4
1-0

[Event "Tromsø Bymesterskap 2012"]
[Site "Tromsø Sjakklubb"]
[Date "2012.01.19"]
[Round "2"]
[White "Jessen, Simon Pind"]
[Black "Bjørn, Lasse E"]
[Result "0-1"]
[WhiteElo "1874"]
[BlackElo "1501"]
[PlyCount "120"]
[EventDate "2012.??.??"]

1. d4 Nf6 2. c4 c5 3. d5 b5 4. cxb5 a6 5. bxa6 g6 6. Nc3 Bxa6 7. g3 d6 8. Bg2
Bg7 9. Nf3 O-O 10. O-O Nbd7 11. Rb1 Qa5 12. Bd2 Rfb8 13. Re1 Ng4 14. Qc2 Nge5
15. b3 Nxf3+ 16. exf3 Ne5 17. Na4 Qc7 18. Nb2 Bb7 19. f4 Ng4 20. Nd3 Nf6 21.
Nb4 Rc8 22. Nc6 e6 23. Rbc1 Nxd5 24. Bxd5 Bxc6 25. Bxc6 Qxc6 26. Be3 Ra3 27.
Re2 Rca8 28. b4 Rc3 29. Qxc3 Bxc3 30. Rxc3 Qb5 31. Rb2 cxb4 32. Rcb3 Ra4 33. a3
Qa6 34. Rxb4 Rxb4 35. Rxb4 Qxa3 36. Rb8+ Kg7 37. Bd4+ Kh6 38. Rg8 Qf3 39. Bg7+
Kh5 40. h3 e5 41. Rh8 exf4 42. Rxh7+ Kg5 43. Bh6+ Kf6 44. Bxf4 d5 45. h4 d4 46.
Rh8 Ke7 47. Rb8 d3 48. Rb2 Ke6 49. Be3 Kf5 50. Kh2 Qd5 51. Rd2 Kg4 52. Rb2 Kf3
53. Rd2 f6 54. Bf4 g5 55. hxg5 fxg5 56. Bxg5 Qxg5 57. Rxd3+ Kxf2 58. g4 Qh6+
59. Rh3 Qf4+ 60. Kh1 Qc1+
0-1

[Event "Tromsø Bymesterskap 2012"]
[Site "Tromsø Sjakklubb"]
[Date "2012.01.19"]
[Round "2"]
[White "Joensen, John"]
[Black "Remman, Frank"]
[Result "1-0"]
[WhiteElo "1830"]
[BlackElo "1821"]
[PlyCount "69"]
[EventDate "2012.??.??"]

1. e4 c5 2. Nf3 Nc6 3. d4 cxd4 4. Nxd4 Qb6 5. Nb5 a6 6. Be3 Qa5+ 7. N5c3 Nf6 8.
Bd3 e6 9. O-O Bc5 10. Re1 O-O 11. Nd2 Bxe3 12. Rxe3 Ne5 13. Qe2 b5 14. Rf1 Bb7
15. Kh1 d5 16. exd5 Nxd3 17. cxd3 Nxd5 18. Nxd5 Bxd5 19. Rh3 g6 20. Ne4 f6 21.
Nc3 b4 22. Nxd5 Qxd5 23. Qe4 Qxa2 24. Qb7 h5 25. Rg3 g5 26. f4 g4 27. Re3 Rab8
28. Qc6 Rfe8 29. Rfe1 Rbc8 30. Qe4 Kg7 31. R3e2 Qa5 32. h3 f5 33. Qd4+ Kg8 34.
Rxe6 Qb5 35. Rg6+
1-0

[Event "Tromsø Bymesterskap 2012"]
[Site "Tromsø Sjakklubb"]
[Date "2012.01.19"]
[Round "2"]
[White "Machlik, Endre"]
[Black "Schmidt, Jonny"]
[Result "1-0"]
[WhiteElo "1368"]
[BlackElo "1753"]
[PlyCount "87"]
[EventDate "2012.??.??"]

1. d4 Nf6 2. c4 e5 3. dxe5 Ng4 4. Nf3 Nc6 5. Bf4 Bb4+ 6. Nc3 Bxc3+ 7. bxc3 Qe7
8. Qd5 Qa3 9. Qd2 Qc5 10. e3 Ngxe5 11. Nxe5 Nxe5 12. Qd4 Qxd4 13. cxd4 Nc6 14.
Bxc7 d5 15. Be2 Be6 16. c5 Kd7 17. Bd6 a6 18. Rb1 b5 19. Kd2 Na5 20. Rhg1 Nc4+
21. Bxc4 dxc4 22. Kc3 Bf5 23. Rb2 Bd3 24. f3 f5 25. g4 g6 26. gxf5 gxf5 27.
Rg7+ Kc6 28. Rbg2 a5 29. Rc7+ Kd5 30. e4+ fxe4 31. Rg5+ Ke6 32. Re5+ Kf6 33.
Be7+ Kg6 34. Rc6+ Kf7 35. Rc7 exf3 36. Bg5+ Kg8 37. Bh6 f2 38. Rg7+ Kf8 39.
Ra7+ Kg8 40. Rxa8+ Kf7 41. Rxh8 b4+ 42. Kd2 c3+ 43. Ke3 f1=N+ 44. Kxd3
1-0

[Event "Tromsø Bymesterskap 2012"]
[Site "Tromsø Sjakklubb"]
[Date "2012.01.19"]
[Round "2"]
[White "Roksvold, Jan"]
[Black "Prohl, Frank"]
[Result "1-0"]
[WhiteElo "1650"]
[BlackElo "1240"]
[PlyCount "66"]
[EventDate "2012.??.??"]

1. e4 c6 2. Nc3 d5 3. Nf3 d4 4. Ne2 c5 5. Ng3 Bg4 6. Bc4 e6 7. h3 Bxf3 8. Qxf3
Nc6 9. d3 Qa5+ 10. Bd2 Qb6 11. O-O Ne5 12. Qe2 Nf6 13. Bb3 Bd6 14. f4 c4 15.
fxe5 Bxe5 16. Bxc4 Bxg3 17. Bb3 O-O 18. Rxf6 gxf6 19. Qg4+ Kh8 20. Qxg3 Rg8 21.
Qf3 Rg6 22. Rf1 Rag8 23. Rf2 Qc6 24. Bf4 e5 25. Bxf7 exf4 26. Bxg8 Kxg8 27.
Qxf4 Qe6 28. Qb8+ Kg7 29. Qxb7+ Kh6 30. Rf5 Qxa2 31. Qb8 Qb1+ 32. Kh2 Qxc2 33.
Qf8+ Rg7
1-0

[Event "Tromsø Bymesterskap 2012"]
[Site "Tromsø Sjakklubb"]
[Date "2012.01.19"]
[Round "2"]
[White "Lorem, Helene"]
[Black "Skagseth, Håvard M"]
[Result "0-1"]
[WhiteElo "824"]
[BlackElo "1627"]
[PlyCount "89"]
[EventDate "2012.??.??"]

1. d4 Nf6 2. c4 c5 3. d5 b5 4. cxb5 a6 5. bxa6 g6 6. g3 Bxa6 7. Bg2 d6 8. Nf3
Bg7 9. O-O O-O 10. Nc3 Nbd7 11. Rb1 Qa5 12. Na4 Nb6 13. Nxb6 Qxb6 14. Bd2 Bc4
15. b3 Bxd5 16. a4 Be4 17. Rc1 Rfb8 18. Rc3 Bd5 19. Nh4 Bxg2 20. Nxg2 Ne4 21.
Re3 Nxd2 22. Qxd2 Ra7 23. Qc2 Qb4 24. Rb1 Bf6 25. Nf4 Rxa4 26. Nd5 Qb7 27.
Nxf6+ exf6 28. Re8+ Rxe8 29. bxa4 Rxe2 30. Qxg6+ hxg6 31. Rxb7 c4 32. a5 Ra2
33. Ra7 c3 34. Rc7 c2 35. Kg2 d5 36. a6 d4 37. a7 d3 38. Kf3 d2 39. Kg2 Rxa7
40. Rxa7 c1=Q 41. Ra8+ Kg7 42. Rd8 d1=R 43. Rxd1 Qxd1 44. h4 f5 45. Kh3
0-1

[Event "Tromsø Bymesterskap 2012"]
[Site "Tromsø Sjakklubb"]
[Date "2012.01.19"]
[Round "2"]
[White "Lorentsen, Geir-Magne"]
[Black "Jacobsen, Hans-Henry"]
[Result "1-0"]
[WhiteElo "1571"]
[BlackElo "1245"]
[PlyCount "71"]
[EventDate "2012.??.??"]

1. e4 {[%emt 0:00:00]} c5 2. Nf3 Nc6 3. Bb5 g6 4. c3 Bg7 5. d4 cxd4 6. cxd4
Qa5+ 7. Nc3 Nf6 8. O-O a6 9. Be2 d6 10. h3 O-O 11. Be3 Re8 12. d5 Nd8 13. Rc1
b5 14. Nd2 Nb7 15. Nb3 Qd8 16. f3 e6 17. Bg5 Qb6+ 18. Kh2 Nd7 19. Qd2 Ne5 20.
Be3 Qd8 21. Nd4 Bd7 22. b3 Bc8 23. Rfd1 exd5 24. Nxd5 Rf8 25. f4 Nd7 26. Nc6
Qh4 27. Nc7 Nbc5 28. Bf3 Bb7 29. g3 Qf6 30. Bd4 Ne5 31. Bxe5 dxe5 32. Rxc5 Rac8
33. Nxe5 Rfd8 34. Nd5 Qd6 35. Rxc8 Bxc8 36. Ne7+
1-0

[Event "Tromsø Bymesterskap 2012"]
[Site "Tromsø Sjakklubb"]
[Date "2012.01.19"]
[Round "2"]
[White "Machlik, Jon"]
[Black "Jakobsen, Jarle"]
[Result "0-1"]
[WhiteElo "1491"]
[BlackElo "1382"]
[PlyCount "92"]
[EventDate "2012.??.??"]

1. Nf3 Nf6 2. c4 g6 3. b3 Bg7 4. Bb2 O-O 5. Nc3 c5 6. g3 Nc6 7. Bg2 d5 8. cxd5
Nxd5 9. O-O Nxc3 10. Bxc3 Bxc3 11. dxc3 Qxd1 12. Raxd1 Rd8 13. Rxd8+ Nxd8 14.
Rd1 Ne6 15. Ne5 a5 16. Nc4 Ra6 17. a4 Kg7 18. f4 h5 19. e4 Nc7 20. Ne5 Rb6 21.
Rb1 Be6 22. c4 f6 23. Nd3 Bxc4 24. Nxc5 Ne6 25. Nxe6+ Bxe6 26. e5 fxe5 27. fxe5
Rb4 28. Bf1 Rxb3 29. Rxb3 Bxb3 30. Bb5 Kf7 31. Bd7 Be6 32. Bb5 Bd5 33. Bd7 Bc6
34. e6+ Kf6 35. Kf2 Bd5 36. Bc8 b6 37. Bd7 Bxe6 38. Be8 Bf7 39. Bd7 e6 40. Ke3
Ke7 41. Bb5 Be8 42. Bxe8 Kxe8 43. Ke4 Ke7 44. Ke5 Kf7 45. Kd6 Kf6 46. Kc6 e5
0-1

[Event "Tromsø Bymesterskap 2012"]
[Site "Tromsø Sjakklubb"]
[Date "2012.01.19"]
[Round "2"]
[White "Jernberg, Karl P"]
[Black "Lorem, Geir F"]
[Result "0-1"]
[WhiteElo "829"]
[BlackElo "1288"]
[PlyCount "62"]
[EventDate "2012.??.??"]

1. e4 e6 2. d4 d5 3. Nc3 Nf6 4. Bg5 Be7 5. e5 Nfd7 6. Be3 O-O 7. Nf3 c5 8. Be2
Nc6 9. O-O a6 10. a4 cxd4 11. Bxd4 Nxd4 12. Qxd4 f6 13. exf6 Nxf6 14. Rad1 Qc7
15. Ne5 Bc5 16. Qd2 Qxe5 17. Rfe1 Bxf2+ 18. Kh1 Bxe1 19. Rxe1 Ne4 20. Nxe4 Qxe4
21. Bf3 Qf4 22. Qd3 Qxa4 23. c3 Qc4 24. Qd1 Bd7 25. Re2 Qf4 26. Rd2 Bc6 27. Rd4
Qf6 28. Rg4 Rad8 29. Qe1 d4 30. Qg3 Bxf3 31. gxf3 Qxf3+
0-1

[Event "Tromsø Bymesterskap 2012"]
[Site "Tromsø Sjakklubb"]
[Date "2012.01.19"]
[Round "2"]
[White "Jacobsen, Elise Sjøttem"]
[Black "Remman, Stein Børre"]
[Result "0-1"]
[WhiteElo "1020"]
[BlackElo "1084"]
[PlyCount "120"]
[EventDate "2012.??.??"]

1. c4 Nf6 2. g3 g6 3. Bg2 Bg7 4. Nc3 Nc6 5. Nf3 O-O 6. O-O d6 7. Rb1 a5 8. a3
Re8 9. b4 e5 10. d3 axb4 11. axb4 d5 12. Bg5 e4 13. dxe4 dxc4 14. Qxd8 Rxd8 15.
Nd5 Rd6 16. Nxc7 Ra4 17. e5 Rd7 18. exf6 h6 19. fxg7 hxg5 20. b5 g4 21. bxc6
Rxc7 22. Nd4 bxc6 23. Bxc6 Ra6 24. Bb5 Rd6 25. e3 Kxg7 26. Rfc1 c3 27. Rb3 c2
28. Rxc2 Rxc2 29. Nxc2 Rd1+ 30. Bf1 Ba6 31. h4 gxh3 32. Kh2 Bxf1 33. e4 Bg2 34.
g4 Bxe4 35. Ne3 Rh1+ 36. Kg3 h2 37. f3 Bxf3 38. g5 Rg1+ 39. Kxh2 Rxg5 40. Kh3
f5 41. Kh4 Rh5+ 42. Kg3 Bc6 43. Rc3 Be4 44. Rc7+ Kf6 45. Rc4 Ke5 46. Rb4 f4+
47. Kf2 fxe3+ 48. Kxe3 Rh3+ 49. Kd2 g5 50. Ke2 Kf4 51. Rb1 Bxb1 52. Kd2 g4 53.
Ke2 Ra3 54. Kf2 Ra2+ 55. Kg1 Kg3 56. Kf1 Bd3+ 57. Ke1 Kf3 58. Kd1 g3 59. Kc1 g2
60. Kd1 g1=Q#
0-1

[Event "Tromsø Bymesterskap 2012"]
[Site "Tromsø Sjakklubb"]
[Date "2012.02.09"]
[Round "3"]
[White "Jæger, Frode Bull"]
[Black "Berglund, Jan S."]
[Result "0-1"]
[WhiteElo "2056"]
[BlackElo "1968"]
[Annotator "Berglund,Jan S"]
[PlyCount "78"]
[TimeControl "300"]

1. e4 e6 2. d4 d5 3. Nc3 Bb4 4. e5 c5 5. a3
Bxc3+ 6. bxc3 Ne7 7. h4 Nbc6 8. h5 Qa5 9. Bd2 Qa4 10. Nf3 cxd4 11. cxd4 Nxd4
12. Bd3 Nxf3+ 13. Qxf3 Qd4 14. O-O Nc6 15. Rae1 Qh4 16. g3 Qe7 17. h6 f5 18.
exf6 gxf6 19. Qh5+ Kd8 20. Qg4 Bd7 21. Qg7 Kc7 22. Bf5 e5 23. Bxd7 Kxd7 24.
Qg4+ Qe6 25. Qa4 Rhg8 26. Rb1 b6 27. Rfd1 Rg4 28. Qa6 Rc8 29. a4 Rd4 30. a5 Qg4
31. axb6 axb6 32. Qb7+ Rc7 33. Qxb6 Qe2 34. Qc5 Rxd2 35. Rxd2 Qxd2 36. Qf8 Qxc2
37. Qf7+ Ne7 38. Rb6 Qf5 39. Kg2 Rc2 
0-1

[Event "Tromsø Bymesterskap 2012"]
[Site "Tromsø Sjakklubb"]
[Date "2012.01.19"]
[Round "4"]
[White "Pedersen, Øyvind"]
[Black "Berglund, Jan S."]
[Result "1/2-1/2"]
[WhiteElo "1912"]
[BlackElo "1968"]
[PlyCount "58"]
[EventDate "2012.??.??"]

1. e4 e6 2. d4 d5 3. Nd2 f5 4. e5 c5 5. c3 Nc6 6. Ngf3 cxd4 7. cxd4 Qb6 8. Nb3
a5 9. Qd3 a4 10. Nbd2 Bd7 11. a3 Be7 12. b4 g5 13. Bb2 g4 14. Ng1 Bxb4 15. Ne2
(15. axb4 Nxb4 16. Qb1 Rc8 17. Kd1 Nc2 18. Ra2 Nxd4) 15... Be7 16. Rb1 Nh6 17.
Nf4 Nf7 18. h3 gxh3 19. Rxh3 Na5 20. Bc1 Qc7 21. Be2 Bg5 22. Nh5 Rc8 23. f4 Be7
24. g4 fxg4 25. Ng7+ Kf8 26. Rxh7 Qc2 (26... Rxh7 27. Qxh7 Qc3 28. Nh5 Bh4+ 29.
Kd1 Nb3 30. Bxg4 Bb5 31. Qg7+ Ke7) 27. Rxh8+ Nxh8 28. Qxc2 Rxc2 29. Nh5 Nf7
1/2-1/2

[Event "Tromsø Bymesterskap 2012"]
[Site "Tromsø Sjakklubb"]
[Date "2012.01.19"]
[Round "4"]
[White "Lorentsen, Geir-Magne"]
[Black "Steinnes, Simon"]
[Result "0-1"]
[WhiteElo "1571"]
[BlackElo "981"]
[PlyCount "32"]
[EventDate "2012.??.??"]

1. e4 c6 2. d4 d5 3. exd5 cxd5 4. c4 Nf6 5. Nc3 Nc6 6. cxd5 Nxd5 7. Bc4 Nf6 8.
Qb3 e6 9. d5 Nxd5 10. Nxd5 exd5 11. Bxd5 Bb4+ 12. Kf1 O-O 13. Bxc6 bxc6 14.
Qxb4 Qd1+ 15. Qe1 Ba6+ 16. Ne2 Bxe2+
0-1

[Event "Tromsø Bymesterskap 2012"]
[Site "Tromsø Sjakklubb"]
[Date "2012.01.19"]
[Round "4"]
[White "Machlik, Endre"]
[Black "Remman, Frank"]
[Result "0-1"]
[WhiteElo "1368"]
[BlackElo "1821"]
[Annotator ",Microsoft"]
[PlyCount "52"]
[EventDate "2012.??.??"]

1. d4 d5 2. c4 c6 3. Nc3 Nf6 4. Bg5 e6 5. e3 Nbd7 6. Bd3 Be7 7. Nf3 O-O 8. O-O
dxc4 9. Bxc4 b5 10. Bd3 Bb7 11. Rc1 a6 12. Ne4 Nxe4 13. Bxe7 Nxf2 14. Rxf2 (14.
Bxh7+ Kh8 15. Rxf2 Qxe7 16. Be4 Rac8 17. Rfc2) 14... Qxe7 15. Be4 Rac8 16. Rfc2
Qd6 17. Nd2 (17. Bxh7+ Kxh7 18. Ng5+ Kh6 19. Qg4 f5 20. Qh4+ Kg6 21. Qh7+ Kf6
22. Qh4 Qd5) 17... f5 18. Bf3 e5 19. Nb3 e4 20. Be2 Nf6 21. Nc5 Rf7 22. a4 Nd5
23. Qd2 Qh6 24. Kf2 Qxh2 25. Nxb7 f4 26. Ke1 fxe3
0-1

[Event "Tromsø Bymesterskap 2012"]
[Site "Tromsø Sjakklubb"]
[Date "2012.02.16"]
[Round "4"]
[White "Machlik, Jon"]
[Black "Jacobsen, Hans-Henry"]
[Result "1-0"]
[WhiteElo "1491"]
[BlackElo "1245"]
[PlyCount "63"]
[EventDate "2012.??.??"]

1. e4 c5 2. Nf3 g6 3. Nc3 Bg7 4. Bc4 Nc6 5. O-O Nf6 6. Re1 O-O 7. d4 cxd4 8.
Nxd4 d6 9. h3 a6 10. Bb3 Bd7 11. Be3 Qc8 12. Qd2 Bxh3 13. gxh3 Qxh3 14. Bf4
Nxd4 15. Qxd4 e5 16. Qe3 Qg4+ 17. Bg3 Qh3 18. Bh2 Qh5 19. f3 Bh6 20. Qf2 Bg5
21. Rad1 Bh4 22. Bg3 Bxg3 23. Qxg3 Rad8 24. Nd5 Nd7 25. Re2 Qh6 26. Rh2 Qg7 27.
Qg5 h5 28. Kf2 Kh8 29. Rg1 Qh7 30. Rgh1 Qg7 31. Rxh5+ gxh5 32. Qxh5+
1-0